Estadísticas para Los Deportes Más Populares de España

Haz click aquí para intentar la prueba.

Estadísticas generales

  • Esta prueba ha sido intentada 1.653 veces
  • La puntuación promedio es 6 de 10

Estadísticas de respuestas

PorcentajeDeporte/Actividad% Correcto
25%Fútbol
100%
8%Baloncesto
95%
7%Tenis
88%
23%Natación
77%
6%Atletismo
69%
6%Pádel
57%
20%Ciclismo
52%
35%Gimnasia y actividad física guiada
39%
13%Carrera a pie
37%
9%Actividad en el medio natural
24%

Distribución de puntuación

Porcentaje por número respondido

Porcentaje de gente con cada puntuación

Historial de tus puntuaciones

No has intentado esta prueba.